Il salotto di Giò Stajano : l'omosessualità in Italia negli anni Settanta raccontata attraverso le lettere inviate al settimanale Men /

Saved in:
Bibliographic Details
Other Authors: Strabioli, Pino (Author of introduction, etc.), Vaira, Willy (Editor)
Format: Book
Language:Italian
Published: San Cesario di Lecce : Manni, 2021
Tags: Add Tag
No Tags, Be the first to tag this record!

MARC

LEADER 00000nam a2200000 i 4500
001 IT\ICCU\UMC\1016324
003 ItRI
005 20260124121930.0
008 210624s2021 it |||||| ||||| |||||c
020 |a 9788836170739 
040 |b ita  |c C 
041 7 |a ita  |2 ISO-639-2 
130 3 |a Il salotto di Giò Stajano 
245 0 3 |a Il salotto di Giò Stajano :  |b l'omosessualità in Italia negli anni Settanta raccontata attraverso le lettere inviate al settimanale Men /  |c [a cura di] Willy Vaira ; introduzione di Pino Strabioli. 
260 |a San Cesario di Lecce :  |b Manni,  |c 2021 
300 |a 205 p. ;  |c 21 cm 
700 1 |a Strabioli, Pino  |0 IT\ICCU\CFIV\020850  |4 aui 
700 1 |a Vaira, Willy  |0 IT\ICCU\LZ1V\110086  |4 edt 
942 |2 ddc  |c BK 
952 |0 0  |1 0  |2 ddc  |4 0  |7 1  |9 593  |a RI  |b RI  |d 2024-02-01  |l 0  |p 1179  |r 2024-02-01 15:55:34  |w 2024-02-01  |y BK 
952 |0 0  |1 0  |2 ddc  |4 0  |6 306_766094500000000_VAI_SAL  |7 1  |9 2769  |a GE  |b GE  |d 2025-01-05  |l 0  |o 306.7660945 VAI SAL  |p 1363  |r 2025-01-05 16:33:35  |w 2025-01-05  |y BK 
952 |0 0  |1 0  |2 ddc  |4 0  |6 306_766000000000000_VAI  |7 1  |9 9974  |a RM  |b RM  |d 2025-11-24  |l 0  |o 306.766 VAI  |p 936  |r 2025-11-24 19:07:44  |w 2025-11-24  |y BK 
952 |0 0  |1 0  |4 0  |6 DOC_306_766000000000000_VAI  |7 0  |9 19712  |a BO  |b BO  |d 2026-01-15  |i 19540  |l 0  |o DOC 306.766 VAI  |p BO19540  |r 2026-01-15 23:21:00  |w 2026-01-15  |x [Sebina 5] [1 v.]  |y BK  |z 1 v. 
999 |c 533  |d 533